000 00333nam a2200133Ia 4500
008 240624s9999 xx 000 0 und d
041 _aeng
082 _a658.155 HYM
100 _aHYMAN MICHAEL
245 _aNEW WAYS FOR MANAGING GLOBAL FINANCIAL R
260 _c2006
_aEngland
_bWiley
300 _axv,149p. ; 24cm
365 _c
_b27
999 _c20705
_d20705